[Event "North Bay int."]
[Site "North Bay CAN"]
[Date "1999.08.04"]
[Round "2"]
[White "Beckwith, Paul"]
[Black "Charest, Johanne"]
[Result "1/2-1/2"]
[WhiteElo "2199"]
[BlackElo "2123"]
[PlyCount "28"]
[GameId "2160767911742512"]
[EventDate "1999.08.04"]
[EventType "swiss"]
[EventRounds "9"]
[EventCountry "CAN"]
[SourceTitle "EXT 2000"]
[Source "ChessBase"]
[SourceDate "1999.11.18"]
[SourceVersion "1"]
[SourceVersionDate "1999.11.18"]
[SourceQuality "1"]

1. e4 e5 2. Nf3 Nc6 3. Bc4 Bc5 4. Nc3 Nf6 5. d3 d6 6. h3 Be6 7. Bb3 h6 8. Be3 Bb6 9. Nd5 Nd4 10. Ba4+ c6 11. c3 Nxf3+ 12. Qxf3 Bxe3 13. Nxf6+ Qxf6 14. Qxe3 O-O 1/2-1/2

[Event "North Bay int."]
[Site "North Bay CAN"]
[Date "1999.08.04"]
[Round "2"]
[White "Betaneli, Alexander"]
[Black "Ottosen, David"]
[Result "1-0"]
[WhiteElo "2261"]
[BlackElo "2139"]
[PlyCount "79"]
[GameId "2160767911742513"]
[EventDate "1999.08.04"]
[EventType "swiss"]
[EventRounds "9"]
[EventCountry "CAN"]

1. c4 c6 2. e4 d5 3. exd5 cxd5 4. cxd5 Nf6 5. Nc3 Nxd5 6. d4 Nc6 7. Nf3 Bg4 8. Be2 e6 9. O-O Be7 10. Ne4 O-O 11. Be3 Rc8 12. Rc1 Ncb4 13. a3 Nxe3 14. fxe3 Nd5 15. Rxc8 Qxc8 16. Qd2 Qa8 17. Bd3 Bf5 18. Ne5 f6 19. Nf3 b6 20. Ng3 Bxd3 21. Qxd3 Rc8 22. Ne2 Qc6 23. e4 Nc7 24. Rc1 Qd7 25. Qc4 Kf8 26. Nf4 Kf7 27. b4 b5 28. Qc3 g5 29. Nd3 Ke8 30. Nc5 Qc6 31. Qb3 Na6 32. Rd1 Nxc5 33. dxc5 Qxe4 34. Re1 Qd5 35. Qxd5 exd5 36. Nd4 Kd7 37. Nxb5 a5 38. Nd4 axb4 39. axb4 Rb8 40. Rxe7+ 1-0

[Event "North Bay int."]
[Site "North Bay CAN"]
[Date "1999.08.04"]
[Round "2"]
[White "Boehmer, Kris"]
[Black "Hum, Peter"]
[Result "1-0"]
[WhiteElo "2154"]
[BlackElo "2255"]
[PlyCount "77"]
[GameId "2160767911742514"]
[EventDate "1999.08.04"]
[EventType "swiss"]
[EventRounds "9"]
[EventCountry "CAN"]

1. d4 Nf6 2. Nf3 g6 3. g3 Bg7 4. Bg2 O-O 5. O-O d6 6. c4 c6 7. Nc3 Qb6 8. Qc2 Qa6 9. Nd2 Be6 10. b3 d5 11. Qd3 Rd8 12. Bb2 Nbd7 13. e3 Nb6 14. Qe2 dxc4 15. Rfc1 Rac8 16. Nce4 Nxe4 17. Nxe4 cxb3 18. Qxa6 bxa6 19. Nc5 Bc4 20. axb3 Bb5 21. Nxa6 Nd5 22. Nc5 Rc7 23. Ra5 a6 24. Bf1 Bh6 25. Rca1 Nb4 26. Bc3 Nd5 27. Be1 Bxf1 28. Kxf1 Bxe3 29. fxe3 Nxe3+ 30. Ke2 Nc2 31. Rd1 Nxd4+ 32. Kf2 Rd5 33. Bc3 e5 34. Bxd4 exd4 35. b4 Re7 36. Rxa6 Rf5+ 37. Kg1 Re2 38. Nd3 Rh5 39. Nf4 1-0

[Event "North Bay int."]
[Site "North Bay CAN"]
[Date "1999.08.04"]
[Round "2"]
[White "Chatzilias, Alexis"]
[Black "Baragar, Fletcher"]
[Result "1-0"]
[WhiteElo "2046"]
[BlackElo "2305"]
[PlyCount "89"]
[GameId "2160767911742515"]
[EventDate "1999.08.04"]
[EventType "swiss"]
[EventRounds "9"]
[EventCountry "CAN"]
[SourceTitle "EXT 2000"]
[Source "ChessBase"]
[SourceDate "1999.11.18"]
[SourceVersion "1"]
[SourceVersionDate "1999.11.18"]
[SourceQuality "1"]

1. d4 Nf6 2. c4 e6 3. Nf3 b6 4. a3 Bb7 5. Nc3 d5 6. cxd5 Nxd5 7. e3 g6 8. Bb5+ c6 9. Bd3 Bg7 10. e4 Nxc3 11. bxc3 O-O 12. O-O c5 13. Be3 Nd7 14. Qb1 Qe7 15. a4 f5 16. a5 f4 17. Bc1 g5 18. Bb2 g4 19. Nd2 f3 20. g3 h5 21. e5 h4 22. Ne4 Bc6 23. Bc1 hxg3 24. fxg3 Qf7 25. Nf2 cxd4 26. cxd4 Nxe5 27. dxe5 Bxe5 28. Bb2 Bxb2 29. Qxb2 Qh5 30. Qb4 Rad8 31. Be4 Bd5 32. Bxd5 Rxd5 33. Qxg4+ Qxg4 34. Nxg4 bxa5 35. Ra3 Rd4 36. Ne5 Re4 37. Nxf3 a4 38. Rf2 a5 39. Kg2 Rb4 40. Rfa2 Rb3 41. Nd2 Rb4 42. Rxa4 Rxa4 43. Rxa4 Rf5 44. Nc4 Rc5 45. Nxa5 1-0

[Event "North Bay int."]
[Site "North Bay CAN"]
[Date "1999.08.04"]
[Round "2"]
[White "Day, Lawrence"]
[Black "Tyomkin, Dimitri"]
[Result "0-1"]
[WhiteElo "2319"]
[BlackElo "2495"]
[PlyCount "135"]
[GameId "2160767911742516"]
[EventDate "1999.08.04"]
[EventType "swiss"]
[EventRounds "9"]
[EventCountry "CAN"]
[SourceTitle "EXT 2000"]
[Source "ChessBase"]
[SourceDate "1999.11.18"]
[SourceVersion "1"]
[SourceVersionDate "1999.11.18"]
[SourceQuality "1"]

1. e4 c5 2. f4 Nc6 3. Nf3 d6 4. Bb5 Qb6 5. c4 e6 6. Nc3 Be7 7. O-O Nf6 8. Qe1 O-O 9. Bxc6 Qxc6 10. b3 b6 11. Bb2 Bb7 12. d3 Nh5 13. Qe3 Rae8 14. Rf2 f5 15. e5 d5 16. cxd5 exd5 17. d4 g6 18. Rd1 Rd8 19. Ba3 Rfe8 20. Rc2 Bf8 21. Qc1 Ng7 22. Ne2 Qb5 23. dxc5 bxc5 24. Nc3 Qa5 25. Na4 d4 26. Bxc5 Ne6 27. Bxf8 Rxf8 28. Ne1 Rc8 29. Nd3 Rxc2 30. Qxc2 Rc8 31. Qd2 Qd5 32. b4 Rc4 33. Nac5 Nxc5 34. Nxc5 Rxb4 35. Nd7 Qb5 36. Nf6+ Kf7 37. a4 Qb6 38. Qa2+ Qe6 39. Qd2 Qb6 40. Qa2+ Qe6 41. Qd2 Rxa4 42. Nxh7 Qb3 43. Ng5+ Ke8 44. Qd3 Qxd3 45. Rxd3 Be4 46. Rd2 Rc4 47. Kf2 a5 48. Nf3 d3 49. Ke3 a4 50. Ra2 Rc2 51. Ra1 Re2+ 52. Kd4 Rxg2 53. Ne1 Rxh2 54. Nxd3 Rd2 55. Rxa4 Rxd3+ 56. Kc5 Rd5+ 57. Kc4 Rd7 58. Rb4 Rc7+ 59. Kd4 Kf7 60. Rb6 Kg7 61. Rd6 Kh6 62. e6 Bc6 63. Ke5 Kg7 64. Rd2 Ba8 65. Rd4 Ra7 66. Rd5 Rb7 67. Kd6 Rb6+ 68. Ke7 0-1

[Event "North Bay int."]
[Site "North Bay CAN"]
[Date "1999.08.04"]
[Round "2"]
[White "Djerkovic, Miladin"]
[Black "Hebert, Jean"]
[Result "1/2-1/2"]
[WhiteElo "2201"]
[BlackElo "2454"]
[PlyCount "90"]
[GameId "2160767911742518"]
[EventDate "1999.08.04"]
[EventType "swiss"]
[EventRounds "9"]
[EventCountry "CAN"]
[SourceTitle "EXT 2000"]
[Source "ChessBase"]
[SourceDate "1999.11.18"]
[SourceVersion "1"]
[SourceVersionDate "1999.11.18"]
[SourceQuality "1"]

1. e4 c5 2. Nf3 Nc6 3. d4 cxd4 4. Nxd4 e6 5. Nc3 a6 6. Be2 Qc7 7. O-O Nf6 8. Be3 Bb4 9. Na4 O-O 10. Nxc6 bxc6 11. Nb6 Rb8 12. Nxc8 Rfxc8 13. Bxa6 Rf8 14. Bd3 Bd6 15. f4 e5 16. f5 Rxb2 17. g4 Qa5 18. g5 Bc5 19. Bxc5 Qxc5+ 20. Kh1 Ne8 21. Qh5 Rxc2 22. Bxc2 Qxc2 23. Qh4 Nd6 24. Rae1 Rb8 25. Rf2 Qd3 26. Rfe2 g6 27. Re3 Qd2 28. Rh3 h5 29. gxh6 g5 30. Rg1 Kh8 31. Qg3 f6 32. Qd3 Rb2 33. Qxd2 Rxd2 34. Rg2 Rd1+ 35. Rg1 Rd4 36. Ra1 Nxe4 37. Rb3 Ra4 38. a3 c5 39. Rb8+ Kh7 40. Rc8 g4 41. Rc7 Kxh6 42. Rxd7 Kg5 43. Rf1 Rxa3 44. Rg7+ Kh4 45. Rh7+ Kg5 1/2-1/2

[Event "North Bay int."]
[Site "North Bay CAN"]
[Date "1999.08.04"]
[Round "2"]
[White "Duong, Thanh Nha"]
[Black "Seawald, Dennis"]
[Result "1/2-1/2"]
[WhiteElo "2332"]
[BlackElo "2174"]
[PlyCount "144"]
[GameId "2160767911742519"]
[EventDate "1999.08.04"]
[EventType "swiss"]
[EventRounds "9"]
[EventCountry "CAN"]

1. d4 Nf6 2. Nf3 g6 3. c4 Bg7 4. Nc3 O-O 5. Bg5 d6 6. e4 Na6 7. Be2 Qe8 8. Nd2 e5 9. d5 Nd7 10. g4 c6 11. a3 Nc7 12. b4 a5 13. Nb3 axb4 14. axb4 Rxa1 15. Nxa1 f6 16. Be3 cxd5 17. Nxd5 Ne6 18. Nc2 Ng5 19. f3 Ne6 20. Na3 Nd4 21. Bxd4 exd4 22. Nb5 f5 23. gxf5 Qd8 24. Nxd6 Ne5 25. c5 Qh4+ 26. Kd2 gxf5 27. Qe1 Qh6+ 28. Kc2 d3+ 29. Bxd3 Nxf3 30. Qc1 Nd4+ 31. Kb1 Qh4 32. Qe1 Qh3 33. Qg3 f4 34. Qxh3 Bxh3 35. Bf1 Bg4 36. Rg1 h5 37. Bd3 f3 38. Ne7+ Kh7 39. Nef5 f2 40. Rf1 Nxf5 41. Nxf5 Bxf5 42. exf5 Bd4 43. Kc2 Kg7 44. Be4 Rf7 45. Rd1 Be3 46. Bd3 Rd7 47. Bf1 Rxd1 48. Kxd1 Kf6 49. Ke2 Bd4 50. Bg2 Bc3 51. b5 Bd4 52. c6 bxc6 53. bxc6 Be5 54. Be4 Bxh2 55. Kxf2 Bc7 56. Kf3 Kg5 57. Bd3 Kf6 58. Ke4 h4 59. Bf1 Ke7 60. Kd5 Bb6 61. Bh3 Bc7 62. Kc5 Bb8 63. Kb6 Kd8 64. Bg4 Be5 65. Kb7 Bd6 66. f6 Ke8 67. Bh5+ Kf8 68. Bg4 Ke8 69. Be6 Kd8 70. Bd7 Be5 71. Be6 Bd6 72. c7+ Bxc7 1/2-1/2

[Event "North Bay int."]
[Site "North Bay CAN"]
[Date "1999.08.04"]
[Round "2"]
[White "Filipovich, David"]
[Black "Burnett, Ronald"]
[Result "0-1"]
[WhiteElo "2236"]
[BlackElo "2423"]
[PlyCount "76"]
[GameId "2160767911742520"]
[EventDate "1999.08.04"]
[EventType "swiss"]
[EventRounds "9"]
[EventCountry "CAN"]
[SourceTitle "EXT 2000"]
[Source "ChessBase"]
[SourceDate "1999.11.18"]
[SourceVersion "1"]
[SourceVersionDate "1999.11.18"]
[SourceQuality "1"]

1. Nf3 g6 2. g3 Bg7 3. d4 d6 4. Bg2 Nc6 5. d5 Ne5 6. Nxe5 Bxe5 7. c4 h5 8. h4 Nh6 9. Nd2 Bg7 10. Nf3 c5 11. O-O Ng4 12. Qc2 O-O 13. Bd2 Rb8 14. a4 a6 15. Bc3 b5 16. Bxg7 Kxg7 17. axb5 axb5 18. b4 cxb4 19. Qb2+ Nf6 20. Nd4 Bd7 21. Qxb4 bxc4 22. Qxc4 Qb6 23. Rfc1 Rbc8 24. Nc6 e5 25. Ra6 Qb7 26. Rca1 Ra8 27. Qa4 Rxa6 28. Qxa6 Qxa6 29. Rxa6 Rc8 30. Ra7 e4 31. f3 Bxc6 32. dxc6 Rxc6 33. fxe4 Rc1+ 34. Kf2 Ng4+ 35. Kf3 Rc3+ 36. Kf4 Ne5 37. Ra6 g5+ 38. hxg5 Ng6+ 0-1

[Event "North Bay int."]
[Site "North Bay CAN"]
[Date "1999.08.04"]
[Round "2"]
[White "Glinert, Stephen"]
[Black "Olson, David L"]
[Result "1-0"]
[WhiteElo "2191"]
[BlackElo "2127"]
[PlyCount "97"]
[GameId "2160767911742521"]
[EventDate "1999.08.04"]
[EventType "swiss"]
[EventRounds "9"]
[EventCountry "CAN"]
[SourceTitle "EXT 2000"]
[Source "ChessBase"]
[SourceDate "1999.11.18"]
[SourceVersion "1"]
[SourceVersionDate "1999.11.18"]
[SourceQuality "1"]

1. e4 e5 2. Nf3 Nc6 3. d4 exd4 4. Nxd4 Qh4 5. Nc3 Bb4 6. Be2 d6 7. O-O Bxc3 8. bxc3 Nh6 9. f4 O-O 10. f5 Qxe4 11. f6 Nxd4 12. cxd4 Bg4 13. fxg7 Bxe2 14. gxf8=Q+ Rxf8 15. Re1 Bxd1 16. Rxe4 Nf5 17. c3 Bc2 18. Rg4+ Kh8 19. Kf2 d5 20. Bd2 Re8 21. Re1 Be4 22. Bf4 f6 23. c4 h5 24. Rg6 Rf8 25. g4 Nxd4 26. Rh6+ Kg7 27. Rxh5 Rd8 28. cxd5 Bxd5 29. Re7+ Bf7 30. Rh3 Ne6 31. Bc1 Kf8 32. Ba3 Rd2+ 33. Ke1 Rxa2 34. Rxe6+ Rxa3 35. Rxa3 Bxe6 36. h3 a6 37. Rc3 c6 38. Rc1 f5 39. g5 Kg7 40. h4 Kg6 41. Kf2 Kh5 42. Kg3 Bd5 43. Rb1 b5 44. Ra1 b4 45. Rxa6 b3 46. Rb6 f4+ 47. Kxf4 Kxh4 48. g6 Kh3 49. g7 1-0

[Event "North Bay int."]
[Site "North Bay CAN"]
[Date "1999.08.04"]
[Round "2"]
[White "Goldenberg, Danny"]
[Black "Zugic, Igor"]
[Result "0-1"]
[WhiteElo "2234"]
[BlackElo "2406"]
[PlyCount "128"]
[GameId "2160767911742522"]
[EventDate "1999.08.04"]
[EventType "swiss"]
[EventRounds "9"]
[EventCountry "CAN"]
[SourceTitle "EXT 2000"]
[Source "ChessBase"]
[SourceDate "1999.11.18"]
[SourceVersion "1"]
[SourceVersionDate "1999.11.18"]
[SourceQuality "1"]

1. e4 Nf6 2. e5 Nd5 3. d4 d6 4. Nf3 dxe5 5. Nxe5 g6 6. Be2 Bg7 7. O-O O-O 8. c4 Nb6 9. h3 Nc6 10. Nxc6 bxc6 11. c5 Nd5 12. Na3 e5 13. dxe5 Bxe5 14. Bh6 Bxb2 15. Nc4 Bxa1 16. Qxa1 Qf6 17. Qxf6 Nxf6 18. Bxf8 Kxf8 19. Ne5 Be6 20. Nxc6 Bxa2 21. Nb4 Bd5 22. Na6 c6 23. Rb1 Re8 24. Bd3 Re7 25. Rb8+ Kg7 26. Kf1 Rd7 27. Be2 Ne4 28. Rb4 Nc3 29. f3 Re7 30. Bc4 Bxc4+ 31. Rxc4 Nd5 32. Rd4 Rb7 33. Ke2 f5 34. Kd3 Kf7 35. Kc4 Ke6 36. Rd2 Rb1 37. Re2+ Kd7 38. Ra2 Kc8 39. Kd4 Re1 40. Rb2 Ra1 41. Rb8+ Kd7 42. Rb7+ Ke6 43. Nc7+ Nxc7 44. Rxc7 Ra4+ 45. Kd3 Kd5 46. Rxh7 Ra3+ 47. Ke2 Ra2+ 48. Ke3 Rxg2 49. Rd7+ Kxc5 50. Rxa7 Kd5 51. Kf4 c5 52. h4 c4 53. Rc7 Kd4 54. Rd7+ Kc5 55. Rc7+ Kb4 56. h5 gxh5 57. Rh7 c3 58. Rxh5 c2 59. Rh1 Rf2 60. Ke3 Rh2 61. Rc1 Kc3 62. Kf4 Rf2 63. Ke3 Rd2 64. Kf4 Rd5 0-1

[Event "North Bay int."]
[Site "North Bay CAN"]
[Date "1999.08.04"]
[Round "2"]
[White "Hergott, Deen"]
[Black "Rajlich, Vasik"]
[Result "1-0"]
[WhiteElo "2396"]
[BlackElo "2297"]
[PlyCount "114"]
[GameId "2160767911742523"]
[EventDate "1999.08.04"]
[EventType "swiss"]
[EventRounds "9"]
[EventCountry "CAN"]
[SourceTitle "EXT 2000"]
[Source "ChessBase"]
[SourceDate "1999.11.18"]
[SourceVersion "1"]
[SourceVersionDate "1999.11.18"]
[SourceQuality "1"]

1. d4 Nf6 2. Nf3 g6 3. g3 Bg7 4. Bg2 O-O 5. O-O d6 6. a4 Nc6 7. a5 e5 8. dxe5 dxe5 9. Qxd8 Rxd8 10. a6 Rb8 11. axb7 Bxb7 12. Nc3 Ba8 13. Ne1 e4 14. Ra2 h6 15. Bf4 Rd7 16. Be3 Ng4 17. Nxe4 Rxb2 18. Rxb2 Bxb2 19. Nd3 Nxe3 20. fxe3 Bg7 21. Nf6+ Bxf6 22. Rxf6 Rd6 23. Rf4 Bb7 24. Ra4 Kg7 25. Kf2 Bc8 26. Ke1 Be6 27. Ra6 Bd7 28. Nc5 Be8 29. Nb7 Rf6 30. c3 h5 31. Nc5 Rd6 32. Ra3 Kf8 33. Na6 Ne5 34. Nxc7 Nc4 35. Rxa7 Nxe3 36. Nxe8 Rd1+ 37. Kf2 Ng4+ 38. Kf3 Nxh2+ 39. Kf4 Kxe8 40. Bc6+ Kd8 41. Rxf7 Rf1+ 42. Bf3 Nxf3 43. exf3 Rc1 44. Kg5 Rg1 45. g4 hxg4 46. fxg4 Rg3 47. c4 Re3 48. Kxg6 Re4 49. g5 Rxc4 50. Kg7 Ke8 51. g6 Rc1 52. Rf2 Re1 53. Kh8 Rg1 54. g7 Rh1+ 55. Kg8 Ke7 56. Re2+ Kd6 57. Re4 Ra1 1-0

[Event "North Bay int."]
[Site "North Bay CAN"]
[Date "1999.08.04"]
[Round "2"]
[White "Kalinin, Alexander"]
[Black "Taylor, Gordon"]
[Result "1/2-1/2"]
[WhiteElo "2425"]
[BlackElo "2301"]
[PlyCount "119"]
[GameId "2160767911742524"]
[EventDate "1999.08.04"]
[EventType "swiss"]
[EventRounds "9"]
[EventCountry "CAN"]
[SourceTitle "EXT 2000"]
[Source "ChessBase"]
[SourceDate "1999.11.18"]
[SourceVersion "1"]
[SourceVersionDate "1999.11.18"]
[SourceQuality "1"]

1. Nf3 c5 2. e4 Nc6 3. d4 cxd4 4. Nxd4 g6 5. c4 Bg7 6. Be3 Nf6 7. Nc3 O-O 8. Be2 d6 9. O-O Bd7 10. Nc2 Rc8 11. f3 Ne5 12. b3 a6 13. a4 a5 14. Nd5 Nxd5 15. exd5 Be8 16. Nd4 Nd7 17. Bd3 Nc5 18. Bc2 Bd7 19. Rb1 e5 20. dxe6 fxe6 21. Qd2 Qb6 22. Rfd1 Rcd8 23. Kh1 Rf7 24. Qf2 Qc7 25. Rd2 Be5 26. Rbd1 Rdf8 27. Qg1 Bc6 28. Bh6 Re8 29. Qe3 Bxd4 30. Qxd4 e5 31. Qxd6 Qxd6 32. Rxd6 e4 33. fxe4 Rf2 34. R6d2 Rxd2 35. Rxd2 Bxe4 36. Kg1 Bxc2 37. Rxc2 Nxb3 38. Rb2 Nc5 39. Rb5 Nxa4 40. Rxb7 Nc5 41. Rg7+ Kh8 42. Ra7 a4 43. h3 Kg8 44. Rg7+ Kh8 45. Rc7 Ne6 46. Ra7 Nc5 47. Ra5 Rc8 48. Be3 Ne6 49. Ra6 Nc5 50. Ra5 Ne6 51. Rxa4 Kg7 52. Kf2 Kf6 53. Kf3 Ke5 54. Ra5+ Kf6 55. c5 Ke5 56. Ra7 h5 57. Ra6 Kd5 58. Bg1 Rf8+ 59. Kg3 Rf1 60. Kh2 1/2-1/2

[Event "North Bay int."]
[Site "North Bay CAN"]
[Date "1999.08.04"]
[Round "2"]
[White "Lazarev, Vladimir"]
[Black "Chiong, Luiz"]
[Result "1-0"]
[WhiteElo "2501"]
[BlackElo "2387"]
[PlyCount "85"]
[GameId "2160767911742525"]
[EventDate "1999.08.04"]
[EventType "swiss"]
[EventRounds "9"]
[EventCountry "CAN"]

1. d4 Nf6 2. c4 g6 3. Nc3 Bg7 4. e4 d6 5. h3 O-O 6. Bg5 Na6 7. Nf3 Qe8 8. Be2 e5 9. d5 Nh5 10. g3 f5 11. exf5 gxf5 12. Nd2 Nf6 13. Nb3 Bd7 14. Qd2 Qg6 15. O-O-O b6 16. Rdg1 Ne4 17. Nxe4 fxe4 18. Be3 Nc5 19. Nxc5 bxc5 20. g4 Rf6 21. h4 Raf8 22. g5 Qe8 23. h5 Bf5 24. Bd1 Qb8 25. h6 Bh8 26. Bh5 Bg6 27. Bxg6 hxg6 28. h7+ Kg7 29. Rg3 Rf3 30. Rg4 Qb6 31. Rxe4 a5 32. Qc2 Rb8 33. Reh4 a4 34. Rh6 Rf5 35. Bd2 Kf7 36. Rxg6 Kxg6 37. Rh6+ Kg7 38. Qxf5 Qxb2+ 39. Kd1 Qb1+ 40. Qxb1 Rxb1+ 41. Kc2 Rb8 42. f4 Rf8 43. Kd3 1-0

[Event "North Bay int."]
[Site "North Bay CAN"]
[Date "1999.08.04"]
[Round "2"]
[White "Mark, Eddie"]
[Black "Miezis, Normunds"]
[Result "0-1"]
[WhiteElo "2410"]
[BlackElo "2524"]
[PlyCount "102"]
[GameId "2160767911742527"]
[EventDate "1999.08.04"]
[EventType "swiss"]
[EventRounds "9"]
[EventCountry "CAN"]

1. d4 Nf6 2. Nf3 e6 3. c4 c5 4. e3 cxd4 5. exd4 Bb4+ 6. Bd2 Be7 7. Bd3 Nc6 8. O-O d5 9. Bg5 h6 10. Be3 Nb4 11. Be2 dxc4 12. Bxc4 Nbd5 13. Nc3 O-O 14. Ne5 Nxe3 15. fxe3 Bd6 16. Qf3 Bxe5 17. dxe5 Nd7 18. Qg4 Qg5 19. Qxg5 hxg5 20. Ne4 Nxe5 21. Bb3 g4 22. Nd6 b6 23. Rfd1 Ba6 24. Rac1 Rfd8 25. Rc7 Bd3 26. Nb7 Rdc8 27. Rdc1 Rxc7 28. Rxc7 a5 29. a4 Ra7 30. Rc8+ Kh7 31. Nd6 Rd7 32. Nc4 Nxc4 33. Bxc4 Be4 34. Bf1 Rd1 35. Kf2 Rd2+ 36. Kg3 f5 37. b3 Rb2 38. Rc3 Bd5 39. h3 gxh3 40. gxh3 Rxb3 41. Rxb3 Bxb3 42. Bb5 g5 43. Be8 Kg7 44. h4 gxh4+ 45. Kxh4 Kf6 46. Kg3 Ke5 47. Kf3 Bd5+ 48. Ke2 Kd6 49. Kd2 Bc6 50. Bg6 Bxa4 51. Kd3 Bc6 0-1

[Event "North Bay int."]
[Site "North Bay CAN"]
[Date "1999.08.04"]
[Round "2"]
[White "Mikanovic, Goran"]
[Black "Ciaffone, Robert"]
[Result "1-0"]
[WhiteElo "2310"]
[BlackElo "2197"]
[PlyCount "47"]
[GameId "2160767911742528"]
[EventDate "1999.08.04"]
[EventType "swiss"]
[EventRounds "9"]
[EventCountry "CAN"]
[SourceTitle "EXT 2000"]
[Source "ChessBase"]
[SourceDate "1999.11.18"]
[SourceVersion "1"]
[SourceVersionDate "1999.11.18"]
[SourceQuality "1"]

1. d4 d5 2. c4 e6 3. Nc3 c6 4. Nf3 Nf6 5. e3 Nbd7 6. Qc2 Bd6 7. Bd3 dxc4 8. Bxc4 O-O 9. O-O Qe7 10. Bd2 h6 11. h3 Re8 12. Rae1 e5 13. Nh4 Nf8 14. Nf5 Bxf5 15. Qxf5 e4 16. h4 g6 17. Qh3 N8d7 18. f3 Nb6 19. Bb3 Rf8 20. fxe4 Nxe4 21. Qg4 Nxd2 22. Qxg6+ Kh8 23. Qxh6+ Kg8 24. Rf6 1-0

[Event "North Bay int."]
[Site "North Bay CAN"]
[Date "1999.08.04"]
[Round "2"]
[White "Nickoloff, Bryon"]
[Black "Dougherty, Michael"]
[Result "1-0"]
[WhiteElo "2421"]
[BlackElo "2257"]
[PlyCount "55"]
[GameId "2160767911742530"]
[EventDate "1999.08.04"]
[EventType "swiss"]
[EventRounds "9"]
[EventCountry "CAN"]
[SourceTitle "EXT 2000"]
[Source "ChessBase"]
[SourceDate "1999.11.18"]
[SourceVersion "1"]
[SourceVersionDate "1999.11.18"]
[SourceQuality "1"]

1. d4 g6 2. e4 Bg7 3. c4 c5 4. d5 d6 5. Nc3 Nf6 6. Bd3 O-O 7. h3 a6 8. a4 e5 9. g4 h5 10. g5 Ne8 11. Nf3 Nc7 12. Be3 Nc6 13. dxc6 bxc6 14. a5 Ne6 15. Qd2 f5 16. gxf6 Qxf6 17. Ng5 Nf4 18. Bxf4 exf4 19. Rg1 Rb8 20. O-O-O Qd8 21. Nf3 Bxh3 22. Rxg6 Bg4 23. Rg1 Rf6 24. Rxg7+ Kxg7 25. Nh2 Rg6 26. e5 Qh4 27. Nf3 Qh3 28. Bxg6 1-0

[Event "North Bay int."]
[Site "North Bay CAN"]
[Date "1999.08.04"]
[Round "2"]
[White "Nogueiras, Jesus"]
[Black "Mulyar, Michael"]
[Result "1-0"]
[WhiteElo "2559"]
[BlackElo "2410"]
[PlyCount "158"]
[GameId "2160767911742531"]
[EventDate "1999.08.04"]
[EventType "swiss"]
[EventRounds "9"]
[EventCountry "CAN"]
[SourceTitle "EXT 2000"]
[Source "ChessBase"]
[SourceDate "1999.11.18"]
[SourceVersion "1"]
[SourceVersionDate "1999.11.18"]
[SourceQuality "1"]

1. c4 e5 2. g3 Nc6 3. Bg2 g6 4. Nc3 Bg7 5. d3 d6 6. e4 Nge7 7. Nge2 O-O 8. O-O Be6 9. Nd5 f5 10. Be3 Qd7 11. Qd2 Rf7 12. Rac1 Raf8 13. f3 Nc8 14. b3 Nd8 15. exf5 Bxf5 16. d4 h5 17. dxe5 dxe5 18. Rcd1 c6 19. Ndc3 Qc7 20. Qe1 Rd7 21. Rxd7 Qxd7 22. Qf2 Ne6 23. Rd1 Qe7 24. h4 b6 25. Qe1 Nd4 26. Bg5 Qe8 27. Qd2 Kh7 28. Nxd4 exd4 29. Ne2 Rf7 30. Nf4 Qd7 31. Bf1 Rf8 32. Bd3 Nd6 33. Re1 Re8 34. Kg2 Rxe1 35. Qxe1 Bxd3 36. Nxd3 Qf5 37. Qe2 Nf7 38. g4 hxg4 39. fxg4 Qd7 40. Bf4 Nd8 41. Bg3 Kg8 42. Qe4 Kf7 43. Qf4+ Ke8 44. h5 gxh5 45. gxh5 Qe6 46. Kf3 Nf7 47. Bh4 Nd6 48. Bg3 Nf5 49. Qb8+ Kf7 50. Qxa7+ Kg8 51. Qb8+ Kh7 52. Qf4 Qf7 53. Bf2 Qxh5+ 54. Qg4 Qh1+ 55. Ke2 Nh6 56. Qf4 Qh5+ 57. Qf3 Qg6 58. Qf4 c5 59. a4 Ng4 60. Qf3 Qe6+ 61. Kd1 Bh6 62. Kc2 Qg6 63. Kb2 Nxf2 64. Nxf2 Bg7 65. Qe4 Qxe4 66. Nxe4 Be5 67. a5 bxa5 68. Nxc5 Kg6 69. Kc2 Kf5 70. Kd3 Kf6 71. Nb7 Bc7 72. Kxd4 Ke6 73. Kc5 a4 74. bxa4 Kd7 75. a5 Bg3 76. Kb5 Kc7 77. Nc5 Bf2 78. Nd3 Bd4 79. c5 Kb7 1-0

[Event "North Bay int."]
[Site "North Bay CAN"]
[Date "1999.08.04"]
[Round "2"]
[White "Olszewski, Piotr"]
[Black "Peredun, Andrew"]
[Result "1/2-1/2"]
[WhiteElo "2273"]
[BlackElo "2222"]
[PlyCount "60"]
[GameId "2160767911742532"]
[EventDate "1999.08.04"]
[EventType "swiss"]
[EventRounds "9"]
[EventCountry "CAN"]

1. d4 Nf6 2. c4 e6 3. Nf3 c5 4. d5 b5 5. Bg5 h6 6. Bxf6 Qxf6 7. Nc3 a6 8. cxb5 Bb7 9. e4 exd5 10. exd5 Be7 11. Bd3 axb5 12. Bxb5 O-O 13. O-O d6 14. Nd2 Na6 15. Re1 Nc7 16. Nde4 Qd4 17. Nxc5 Qxc5 18. Rxe7 Nxb5 19. Rxb7 Nxc3 20. bxc3 Qxc3 21. Rb3 Qe5 22. Re3 Qb2 23. a4 Ra5 24. Rd3 Rc8 25. g3 Rcc5 26. Rb1 Qe5 27. Rb8+ Kh7 28. Qb1 Qe4 29. Rb4 Rc1+ 30. Qxc1 Qxd3 1/2-1/2

[Event "North Bay int."]
[Site "North Bay CAN"]
[Date "1999.08.04"]
[Round "2"]
[White "Palsson, Halldor"]
[Black "Saleh, Maher"]
[Result "1/2-1/2"]
[WhiteElo "2182"]
[BlackElo "2220"]
[PlyCount "50"]
[GameId "2160767911742533"]
[EventDate "1999.08.04"]
[EventType "swiss"]
[EventRounds "9"]
[EventCountry "CAN"]
[SourceTitle "EXT 2000"]
[Source "ChessBase"]
[SourceDate "1999.11.18"]
[SourceVersion "1"]
[SourceVersionDate "1999.11.18"]
[SourceQuality "1"]

1. d4 Nf6 2. Nf3 g6 3. g3 Bg7 4. Bg2 O-O 5. O-O d5 6. b3 c5 7. Bb2 Ne4 8. Nbd2 Nc6 9. c3 cxd4 10. cxd4 Bf5 11. Nxe4 Bxe4 12. Ne5 Bxg2 13. Nxc6 bxc6 14. Kxg2 c5 15. Qd2 cxd4 16. Bxd4 e5 17. Bc5 Re8 18. Rad1 d4 19. Kg1 Qd5 20. Ba3 h5 21. e3 Bh6 22. Qd3 Qa5 23. b4 Qa4 24. exd4 exd4 25. Bb2 Qxb4 1/2-1/2

[Event "North Bay int."]
[Site "North Bay CAN"]
[Date "1999.08.04"]
[Round "2"]
[White "Safranska, Anda"]
[Black "Ochkoos, Jura"]
[Result "1-0"]
[WhiteElo "2267"]
[BlackElo "2305"]
[PlyCount "131"]
[GameId "2160767911742535"]
[EventDate "1999.08.04"]
[EventType "swiss"]
[EventRounds "9"]
[EventCountry "CAN"]
[SourceTitle "EXT 2000"]
[Source "ChessBase"]
[SourceDate "1999.11.18"]
[SourceVersion "1"]
[SourceVersionDate "1999.11.18"]
[SourceQuality "1"]

1. e4 e5 2. Nf3 Nc6 3. Bb5 Nf6 4. d3 d6 5. c3 Bd7 6. O-O Be7 7. Re1 O-O 8. Ba4 Rb8 9. Nbd2 b5 10. Bc2 a5 11. Nf1 a4 12. Ng3 g6 13. h3 Re8 14. Bg5 Bf8 15. Qd2 Bg7 16. d4 Qe7 17. d5 Na5 18. b3 Ra8 19. Qd3 h6 20. Bd2 c5 21. c4 Reb8 22. Rab1 Qd8 23. Nh2 Be8 24. f4 axb3 25. axb3 Nd7 26. f5 Nb6 27. cxb5 c4 28. Qf3 Nxb3 29. Bxb3 cxb3 30. Rxb3 Nc4 31. Bc1 Ra2 32. Ng4 Qh4 33. Rd1 Rba8 34. Ne3 Nb6 35. Bd2 h5 36. Ngf1 R8a4 37. Bb4 Bf8 38. Nd2 Bd7 39. Kh2 g5 40. g3 g4 41. gxh4 gxf3 42. Kg3 Bxb5 43. Kxf3 Ra6 44. Rg1+ Kh7 45. Rg2 Ba4 46. Rc3 Bb5 47. Rb3 Ba4 48. Rb1 Be7 49. Rbg1 Bf6 50. Bxd6 Nxd5 51. Nxd5 Rxd6 52. Nc4 Rxg2 53. Rxg2 Rc6 54. Nxf6+ Rxf6 55. Nxe5 Be8 56. Rb2 Kg7 57. Rb8 Ba4 58. Kf4 Ra6 59. Rb7 Be8 60. Nc4 Rc6 61. Na3 Rc3 62. e5 Rd3 63. Rc7 Kh6 64. Rc8 Rd4+ 65. Kf3 Ba4 66. Rh8+ 1-0